Statistics for 名字中带“斯坦”的国家

Click here to take the quiz!

General Stats

  • This quiz has been taken 39 times
  • The average score is 6 of 7

Answers on the Map

Answers color-coded by a green-red scale on the quiz's map according to % correct below.
 

Answer Stats

Answer% Correct
哈萨克斯坦
97%
乌兹别克斯坦
87%
土库曼斯坦
87%
吉尔吉斯斯坦
84%
塔吉克斯坦
81%
巴基斯坦
81%
巴勒斯坦
81%

Score Distribution

Percentile by Number Answered

Percent of People with Each Score

Your Score History

You have not taken this quiz